000 00825nam a2200229Ii 4500
003 JO-AjNU
008 230605s9999||||xx |||||||||||||| ||und||
017 _a2010/7/2414
020 _a978-9957-07-890-4
040 _aJO-AjNU
_bara
_erda
_cJO-AjNU
041 _aara
050 1 4 _aHF 5549 .5 .M3 .A457 2011
100 3 _aعامر،سامح عبد المطلب,
_eauthor
_931492
245 0 0 _aاستراتيجيات ادارة الموارد البشرية
250 _aط1
264 3 1 _aعمان: دار الفكر ناشرون وموزعون،2011
300 _a374ص
_bيحتوي على ببلوغرافية من ص367-374ص
336 _atext
_btxt
_2rdacontent
337 _aunmediated
_bn
_2rdamedia
338 _avolume
_bnc
_2rdacarrier
650 4 _aادارة الافراد-القوى العاملة
_931493
999 _aA12602
_c16170
_d16170